La vita e le opera di Giuseppe Parini / (Record no. 31060)

MARC details
000 -LEADER
campo de control de longitud fija 00613nam a2200205 i 4500
001 - NÚMERO DE CONTROL
campo de control 31060
003 - IDENTIFICADOR DE NÚMERO DE CONTROL
campo de control ES-MaACL
005 - FECHA Y HORA DE LA ÚLTIMA TRANSACCIÓN
campo de control 20230906154313.0
007 - CAMPO FIJO DE DESCRIPCIÓN FÍSICA--INFORMACIÓN GENERAL
campo de control de longitud fija t|
008 - DATOS DE LONGITUD FIJA--INFORMACIÓN GENERAL
campo de control de longitud fija 030128s1918 it ||||1| ita d
100 1# - ENTRADA PRINCIPAL--NOMBRE DE PERSONA
Nombre de persona Bellorini, Egidio.
9 (RLIN) 27271
245 13 - MENCIÓN DEL TÍTULO
Título La vita e le opera di Giuseppe Parini /
Mención de responsabilidad, etc. Egidio Bellorini.
260 ## - PUBLICACIÓN, DISTRIBUCIÓN, ETC.
Lugar de publicación, distribución, etc. Livorno :
Nombre del editor, distribuidor, etc. Raffaello Giusti,
Fecha de publicación, distribución, etc. 1918.
300 ## - DESCRIPCIÓN FÍSICA
Extensión 1 v.
490 1# - MENCIÓN DE SERIE
Mención de serie Biblioteca degli studenti ;
Designación de volumen o secuencia 400
600 14 - PUNTO DE ACCESO ADICIONAL DE MATERIA--NOMBRE DE PERSONA
Nombre de persona Parini, Giuseppe (
Fechas asociadas al nombre 1729-1799)
9 (RLIN) 130856
830 0# - PUNTO DE ACCESO ADICIONAL DE SERIE-TÍTULO UNIFORME
Título uniforme Biblioteca degli studenti ;
Designación de volumen o secuencia 400
9 (RLIN) 229358
852 ## - LOCALIZACIÓN
Ubicación ES-MaACL
Número de control de estantería 1552-F-2
Holdings
Estatus retirado Estado de pérdida Estado de daño No para préstamo Colección Biblioteca de origen Biblioteca actual Ubicación en estantería Fecha de adquisición Fuente de adquisición Total de préstamos Signatura topográfica completa Código de barras Visto por última vez Precio de reemplazo Tipo de ítem Koha
        Colección de folletos Biblioteca del Ateneo de Madrid Biblioteca del Ateneo de Madrid Depósito folletos 17/01/2008     1552-F-2 1032088 23/02/2023 23/02/2023 Folleto